Attracting Capital From Angels : How Their Moneyand Their Experience-Can Help You Build A Successful Company (Record no. 41235)

MARC details
000 -LEADER
fixed length control field 00440nam a2200133Ia 4500
008 - FIXED-LENGTH DATA ELEMENTS--GENERAL INFORMATION
fixed length control field 240719s9999 xx 000 0 und d
041 ## - LANGUAGE CODE
Language code of text/sound track or separate title eng
082 ## - DEWEY DECIMAL CLASSIFICATION NUMBER
Classification number 658.15 HILL
100 ## - MAIN ENTRY--PERSONAL NAME
Personal name Hill, Brian E.
245 ## - TITLE STATEMENT
Title Attracting Capital From Angels : How Their Moneyand Their Experience-Can Help You Build A Successful Company
260 ## - PUBLICATION, DISTRIBUTION, ETC.
Place of publication, distribution, etc. New York
Name of publisher, distributor, etc. Wiely
Date of publication, distribution, etc. 2002
300 ## - PHYSICAL DESCRIPTION
Extent 324;. P. 24. Cm
520 ## - SUMMARY, ETC.
Summary, etc. Gifted By : IMT Faculty Dr.senthil kumar
Holdings
Withdrawn status Lost status Damaged status Not for loan Home library Current library Shelving location Date acquired Full call number Barcode Date last seen Price effective from Koha item type Public note
        IMTN IMTN Rack 23-A 05/24/2023 658.15 HILL 32930 07/19/2024 07/19/2024 Books Gifted
Designed & Maintained by: LRC IMT Nagpur Contact: lrc@imtnag.ac.in© 2024. All Rights Reserved.